| Tag |
First Indicator |
Second Indicator |
Subfields |
| LEADER |
00000cam a2200000 4500 |
| 001 |
in00000397608 |
| 005 |
20151012053105.0 |
| 008 |
770212s1968 nyu 00011 eng d |
| 035 |
|
|
|a (OCoLC)02735501
|
| 035 |
|
|
|9 ABU3123AM
|
| 040 |
|
|
|a FHM
|c FHM
|d TXA
|d UtOrBLW
|
| 049 |
|
|
|a TXA1
|c [A14809417900]
|
| 090 |
|
|
|a PR6063.A234
|b S6 1968
|
| 100 |
1 |
|
|a Macgregor, James Murdoch.
|
| 245 |
1 |
0 |
|a Snow White and the giants /
|c [by] J. T. McIntosh [pseudonym].
|
| 264 |
|
1 |
|a New York :
|b Avon Books,
|c 1968.
|
| 300 |
|
|
|a 159 pages
|
| 336 |
|
|
|a text
|b txt
|2 rdacontent
|
| 337 |
|
|
|a unmediated
|b n
|2 rdamedia
|
| 338 |
|
|
|a volume
|b nc
|2 rdacarrier
|
| 999 |
|
|
|a MARS
|
| 999 |
f |
f |
|s 89143b78-392a-3f56-8299-5d3588e00e04
|i 4fc7957a-30b8-35c8-ae17-ced4fef131f3
|t 0
|
| 952 |
f |
f |
|p ric
|a Texas A&M University
|b Rellis Campus
|c Joint Library Facility
|d Remote Storage
|t 0
|e PR6063.A234 S6 1968
|h Library of Congress classification
|i unmediated -- volume
|m A14837729933
|
| 952 |
f |
f |
|p noncirc
|a Texas A&M University
|b College Station
|c Cushing Memorial Library & Archives
|d Cushing: Science Fiction (Does not check out)
|t 0
|e PR6063.A234 S6 1968
|h Library of Congress classification
|i unmediated -- volume
|
| 998 |
f |
f |
|a PR6063.A234 S6 1968
|t 0
|l Cushing: Science Fiction (Does not check out)
|
| 998 |
f |
f |
|a PR6063.A234 S6 1968
|t 0
|l Remote Storage
|